El libro de Lagos

Tallennettuna:
Bibliografiset tiedot
Päätekijä: Politzer, Patricia (Tekijä)
Aineistotyyppi: Kirja
Kieli:espanja
Julkaistu: Santiago Grupo Zeta 1998
Aiheet:
Tagit: Lisää tagi
Ei tageja, Lisää ensimmäinen tagi!

MARC

LEADER 00000nam a2200000 a 4500
001 UCP5027
003 CL-VaPUC
005 20211214074205.0
008 990827e19980000CL |||||||||||||||||spa|d
999 |c 282874  |d 282872 
040 |c Pontificia Universidad Católica de Valparaíso 
082 0 4 |a 070.449  |b POL  |2 21 
100 0 |a Politzer, Patricia  |e author  |9 433143 
245 1 3 |a El libro de Lagos 
260 |a Santiago  |b Grupo Zeta  |c 1998 
300 |a 340 p 
583 |a last modification  |c 19990827 00:00:00  |k Rodrigo Vera 
600 |a Lagos Escobar, Ricardo  |d 1938-  |9 859563 
650 0 |a Periodismo   |9 310113 
650 7 |a ENTREVISTA PERIODISTICA  |2 CL-VaPUC  |9 406380 
650 0 |a Política  |9 255312 
651 7 |a CHILE  |2 CL-VaPUC  |9 433144 
852 |a BIBCUR 
942 |c BK  |2 ddc 
945 |d 19990827 00:00:00  |a rbrito 
952 |0 0  |1 0  |4 0  |6 070_449000000000000_POL_1998  |7 0  |8 A  |9 325457  |a BIBCUR  |b BIBCUR  |d 2019-11-20  |i 3556166  |o 070.449 POL 1998  |p 3556166  |r 2025-04-22  |w 2019-11-20  |y BK  |k PER